Statistics for Top 15 Countries with Covid-19 Cases - 8 July

Click here to take the quiz!

General Stats

  • This quiz has been taken 32 times
  • The average score is 15 of 25

Answer Stats

country% Correct
India
100%
United Kingdom
100%
United States
100%
Italy
92%
Russia
92%
Brazil
88%
Mexico
88%
Spain
85%
Iran
73%
Pakistan
73%
Chile
58%
Chile
58%
Peru
54%
Sweden
54%
Saudi Arabia
46%
South Africa
46%
Turkey
46%
Bahrain
38%
Kuwait
38%
Qatar
38%
Singapore
31%
Oman
27%
Belarus
23%
Panama
19%
Armenia
12%

Score Distribution

Percentile by Number Answered

Percent of People with Each Score

Your Score History

You have not taken this quiz